Κατάλογος Βιβλιοθηκών Mediterranean College

Strategic Marketing Communications / New Ways to Build and Integrate Communications (Record no. 1521)

MARC details
000 -LEADER
fixed length control field 01475cam a22002294a 4500
005 - ΗΜΕΡΟΜΗΝΙΑ ΚΑΙ ΩΡΑ ΤΕΛΕΥΤΑΙΑΣ ΕΝΗΜΕΡΩΣΗΣ
Πεδίο ελέγχου 20250605164011.0
008 - FIXED-LENGTH DATA ELEMENTS--GENERAL INFORMATION
Πεδίο ελέγχου σταθερού μήκους 250528s ||||||||||||||||||||||||d
035 ## - SYSTEM CONTROL NUMBER
System control number 15975
020 ## - ISBN
ISBN 749429186
040 ## - ΠΗΓΗ ΚΑΤΑΛΟΓΟΓΡΑΦΗΣΗΣ
Φορέας πρωτότυπης καταλογογράφησης MC Athens Campus Library
Γλώσσα καταλογογράφησης Ελληνικά, Μοντέρνα (1453-)
Modifying agency MC Athens Campus Library
Κανόνες περιγραφικής καταλογογράφησης AACR2
245 1# - ΤΙΤΛΟΣ ΚΑΙ ΔΗΛΩΣΗ ΥΠΕΥΘΥΝΟΤΗΤΑΣ
Τίτλος Strategic Marketing Communications / New Ways to Build and Integrate Communications
260 ## - PUBLICATION, DISTRIBUTION, ETC.
Name of publisher, distributor, etc. Kogan Page Limited,
Date of publication, distribution, etc. 2000
300 ## - PHYSICAL DESCRIPTION
Extent 308
505 0# - FORMATTED CONTENTS NOTE
Formatted contents note Acknowledgements, Introduction, The Nature of Marketing Communication, The Theory of the Communications Process, The Communications Process and the Marketing Mix, The Nature of Strategy, Marketing Communications Strategy, Planning: Case Studies of SOSTAC in Use, Planning: How to Integrated Marketing Communications, Strategic Issues: The Internet, Strategic Issues: Branding, Strategic Issues: Global Implications for Communications.
520 ## - SUMMARY, ETC.
Summary, etc. Acknowledgements, Introduction, The Nature of Marketing Communication, The Theory of the Communications Process, The Communications Process and the Marketing Mix, The Nature of Strategy, Marketing Communications Strategy, Planning: Case Studies of SOSTAC in Use, Planning: How to Integrated Marketing Communications, Strategic Issues: The Internet, Strategic Issues: Branding, Strategic Issues: Global Implications for Communications.
700 1# - ΠΡΟΣΘΕΤΗ ΑΝΑΓΡΑΦΗ--ΦΥΣΙΚΟ ΠΡΟΣΩΠΟ
Personal name Berry Chris
9 (RLIN) 2020
700 1# - ΠΡΟΣΘΕΤΗ ΑΝΑΓΡΑΦΗ--ΦΥΣΙΚΟ ΠΡΟΣΩΠΟ
Personal name Pulford Alan
9 (RLIN) 2021
700 1# - ΠΡΟΣΘΕΤΗ ΑΝΑΓΡΑΦΗ--ΦΥΣΙΚΟ ΠΡΟΣΩΠΟ
Personal name Smith P R (Paul Russell)
9 (RLIN) 2022
942 ## - ADDED ENTRY ELEMENTS (KOHA)
Koha item type Books
Holdings
Τύπος τεκμηρίου Βιβλιοθήκη Τρέχουσα τοποθεσία Barcode Αριθμός εισαγωγής Ημερομηνία απόκτησης Ταξιθετικό σύμβολο Αριθμός αντιτύπου Κατάσταση απόσυρσης Κατάσταση χαμένου Κατάσταση κατεστραμμένου Μη δανεισμός Σύνολο δανεισμών Ημερομηνία τελευταίας εμφάνισης Η τιμή ισχύει από
Books MC Athens Campus Library MC Athens Campus Library 9780000015204 2596 05/06/2025 658.8 SMI 1           05/06/2025 05/06/2025

MC Athens Campus Library
Πατησίων 94 & Κοδριγκτώνος 13, 104 34
Πελλήνης 8 & Πατησίων 107, 112 51
Τ: +30 210 8899600

MC Thessaloniki Campus Library
Ίωνος Δραγούμη 21, 54625 | Ίωνος Δραγούμη 15, 54625
Τ: +30 2310 287779 – Τ: +30 2314 440300